[Event "Icelandic Team Championship 2019-21 - 1s"]
[Site "Reykjavik (round 1-5) and Self"]
[Date "2021.05.14"]
[Round "6.1"]
[White "Steingrimsson, Hedinn"]
[Black "Hjartarson, Johann"]
[Result "1-0"]
[WhiteElo "2510"]
[BlackElo "2523"]
[PlyCount "65"]
[EventDate "2019.10.03"]
[WhiteTeam "Skákdeild Fjölnis"]
[BlackTeam "Víkingaklúbburinn a-sveit"]

1. d4 {[%emt 0:00:00]} Nf6 {[%emt 0:00:00]} 2. c4 {[%emt 0:00:00]} g6 {[%emt 0:
00:00]} 3. Nc3 {[%emt 0:00:00]} Bg7 {[%emt 0:00:00]} 4. e4 {[%emt 0:00:00]} d6
{[%emt 0:00:00]} 5. Nf3 {[%emt 0:00:00]} O-O {[%emt 0:00:00]} 6. Be2 {[%emt 0:
00:00]} e5 {[%emt 0:00:00]} 7. O-O {[%emt 0:00:00]} exd4 {[%emt 0:00:00]} 8.
Nxd4 {[%emt 0:00:00]} Re8 {[%emt 0:00:00]} 9. f3 {[%emt 0:00:00]} Nc6 {[%emt 0:
00:00]} 10. Be3 {[%emt 0:00:00]} Nh5 {[%emt 0:00:00]} 11. Qd2 {[%emt 0:00:00]}
Nxd4 {[%emt 0:00:00]} 12. Bxd4 {[%emt 0:00:00]} Nf4 {[%emt 0:00:00]} 13. Rfd1 {
[%emt 0:00:00]} Bxd4+ {[%emt 0:00:00]} 14. Qxd4 {[%emt 0:00:00]} Nxe2+ {
[%emt 0:00:00]} 15. Nxe2 {[%emt 0:00:00]} b6 {[%emt 0:00:00]} 16. Rac1 {
[%emt 0:00:00]} Bb7 {[%emt 0:00:00]} 17. Nc3 {[%emt 0:00:00]} Re6 {[%emt 0:00:
00]} 18. Nd5 {[%emt 0:00:00]} Rc8 {[%emt 0:00:00]} 19. Rc3 {[%emt 0:00:00]} f6
{[%emt 0:00:00]} 20. b4 {[%emt 0:00:00]} Qf8 {[%emt 0:00:00]} 21. Nf4 {[%emt 0:
00:00]} Re5 {[%emt 0:00:00]} 22. c5 {[%emt 0:00:00]} dxc5 {[%emt 0:00:00]} 23.
bxc5 {[%emt 0:00:00]} Kh8 {[%emt 0:00:00]} 24. c6 {[%emt 0:00:00]} Ba6 {
[%emt 0:00:00]} 25. Nd5 {[%emt 0:00:00]} Qd6 {[%emt 0:00:00]} 26. Qa4 {[%emt 0:
01:44]} Be2 {[%emt 0:00:00]} 27. Rd2 {[%emt 0:00:01]} b5 {[%emt 0:00:00]} 28.
Qa6 {[%emt 0:01:51]} Rce8 {[%emt 0:05:24]} 29. Rxe2 {[%emt 0:00:02]} Rxd5 {
[%emt 0:02:15]} 30. exd5 {[%emt 0:00:02]} Rxe2 {[%emt 0:00:08]} 31. Qc8+ {
[%emt 0:00:06]} Kg7 {[%emt 0:00:05]} 32. Qd7+ {[%emt 0:00:04]} Qe7 {[%emt 0:00:
15]} 33. d6 {[%emt 0:02:08]} 1-0

[Event "Icelandic Team Championship 2019-21 - 1s"]
[Site "Reykjavik (round 1-5) and Self"]
[Date "2021.05.14"]
[Round "6.1"]
[White "Gunnarsson, Jon Viktor"]
[Black "Ragnarsson, Dagur"]
[Result "1/2-1/2"]
[WhiteElo "2436"]
[BlackElo "2396"]
[PlyCount "178"]
[EventDate "2019.10.03"]
[WhiteTeam "Víkingaklúbburinn a-sveit"]
[BlackTeam "Skákdeild Fjölnis"]

1. c4 {[%emt 0:00:00]} e5 {[%emt 0:00:00]} 2. Nc3 {[%emt 0:00:00]} Nf6 {
[%emt 0:00:00]} 3. g3 {[%emt 0:00:00]} d5 {[%emt 0:00:00]} 4. cxd5 {[%emt 0:00:
00]} Nxd5 {[%emt 0:00:00]} 5. Bg2 {[%emt 0:00:00]} Nb6 {[%emt 0:00:00]} 6. e3 {
[%emt 0:00:00]} Bd6 {[%emt 0:00:00]} 7. Nge2 {[%emt 0:00:00]} O-O {[%emt 0:00:
00]} 8. O-O {[%emt 0:00:00]} c5 {[%emt 0:00:00]} 9. f4 {[%emt 0:00:00]} Nc6 {
[%emt 0:00:00]} 10. f5 {[%emt 0:00:00]} g6 {[%emt 0:00:00]} 11. g4 {[%emt 0:00:
00]} gxf5 {[%emt 0:00:00]} 12. gxf5 {[%emt 0:00:00]} Kh8 {[%emt 0:00:00]} 13.
f6 {[%emt 0:00:00]} Rg8 {[%emt 0:00:00]} 14. Ng3 {[%emt 0:00:00]} Bg4 {[%emt 0:
00:00]} 15. Qc2 {[%emt 0:00:00]} Rg6 {[%emt 0:00:00]} 16. Nce4 {[%emt 0:00:00]}
Nb4 {[%emt 0:00:00]} 17. Nxd6 {[%emt 0:00:00]} Qxd6 {[%emt 0:00:00]} 18. Qe4 {
[%emt 0:00:00]} N4d5 {[%emt 0:00:00]} 19. d4 {[%emt 0:00:00]} cxd4 {[%emt 0:00:
00]} 20. exd4 {[%emt 0:00:00]} Re8 {[%emt 0:00:00]} 21. dxe5 {[%emt 0:00:00]}
Rxe5 {[%emt 0:00:00]} 22. Qd4 {[%emt 0:00:00]} Re6 {[%emt 0:04:36]} 23. Ne4 {
[%emt 0:00:00]} Qe5 {[%emt 0:02:58]} 24. Qxe5 {[%emt 0:00:00]} Rxe5 {[%emt 0:
00:07]} 25. Ng3 {[%emt 0:05:07]} h5 {[%emt 0:00:50]} 26. h4 {[%emt 0:02:13]}
Nxf6 {[%emt 0:01:56]} 27. Bf4 {[%emt 0:00:25]} Rb5 {[%emt 0:00:58]} 28. a4 {
[%emt 0:00:15]} Rb3 {[%emt 0:01:58]} 29. Be5 {[%emt 0:00:54]} Nbd7 {[%emt 0:00:
04]} 30. Bc3 {[%emt 0:00:15]} Kg8 {[%emt 0:01:01]} 31. Rae1 {[%emt 0:02:33]}
Be6 {[%emt 0:00:32]} 32. Nf5 {[%emt 0:00:51]} Nd5 {[%emt 0:01:37]} 33. Kh1 {
[%emt 0:01:11]} N7f6 {[%emt 0:00:35]} 34. Bxf6 {[%emt 0:02:37]} Rxf6 {[%emt 0:
00:20]} 35. Ne7+ {[%emt 0:00:11]} Nxe7 {[%emt 0:00:26]} 36. Rxf6 {[%emt 0:00:
03]} Rxb2 {[%emt 0:00:40]} 37. Re5 {[%emt 0:00:45]} Kg7 {[%emt 0:00:29]} 38.
Rf4 {[%emt 0:00:49]} Ng6 {[%emt 0:00:10]} 39. Rg5 {[%emt 0:00:02]} Kh6 {
[%emt 0:00:54]} 40. Rf6 {[%emt 0:00:19]} Rb1+ {[%emt 0:00:39]} 41. Kh2 {
[%emt 0:00:08]} Re1 {[%emt 0:00:15]} 42. Kg3 {[%emt 0:01:43]} Kg7 {[%emt 0:00:
18]} 43. Rf2 {[%emt 0:00:38]} Bg4 {[%emt 0:00:24]} 44. Bxb7 {[%emt 0:00:37]}
Re3+ {[%emt 0:00:26]} 45. Kh2 {[%emt 0:01:14]} f6 {[%emt 0:00:46]} 46. Ra5 {
[%emt 0:00:05]} Nxh4 {[%emt 0:00:23]} 47. Rxa7 {[%emt 0:00:19]} Rh3+ {[%emt 0:
00:25]} 48. Kg1 {[%emt 0:00:05]} Kg6 {[%emt 0:00:28]} 49. a5 {[%emt 0:01:27]}
Rg3+ {[%emt 0:00:35]} 50. Kf1 {[%emt 0:00:14]} f5 {[%emt 0:00:56]} 51. a6 {
[%emt 0:00:18]} Ra3 {[%emt 0:00:25]} 52. Ke1 {[%emt 0:00:02]} Kg5 {[%emt 0:00:
40]} 53. Bd5 {[%emt 0:00:10]} Ra1+ {[%emt 0:00:04]} 54. Kd2 {[%emt 0:00:05]}
Rd1+ {[%emt 0:00:06]} 55. Kc3 {[%emt 0:00:39]} Rxd5 {[%emt 0:00:04]} 56. Ra2 {
[%emt 0:00:01]} Rd8 {[%emt 0:01:05]} 57. Rg7+ {[%emt 0:00:49]} Kf6 {[%emt 0:00:
23]} 58. Rh7 {[%emt 0:00:11]} Rc8+ {[%emt 0:00:30]} 59. Kd4 {[%emt 0:00:17]}
Nf3+ {[%emt 0:00:21]} 60. Ke3 {[%emt 0:00:12]} Ng5 {[%emt 0:01:21]} 61. Rh6+ {
[%emt 0:00:10]} Kg7 {[%emt 0:00:10]} 62. Rb6 {[%emt 0:00:15]} Bf3 {[%emt 0:00:
27]} 63. Kf4 {[%emt 0:00:28]} Bd5 {[%emt 0:00:04]} 64. Rd2 {[%emt 0:03:33]}
Ne6+ {[%emt 0:00:04]} 65. Kxf5 {[%emt 0:00:25]} Nc7 {[%emt 0:00:11]} 66. Ke5 {
[%emt 0:00:38]} Ra8 {[%emt 0:01:56]} 67. Rc2 {[%emt 0:00:34]} Ra7 {[%emt 0:00:
37]} 68. Rb7 {[%emt 0:01:04]} Bxb7 {[%emt 0:00:13]} 69. Rxc7+ {[%emt 0:00:04]}
Kg6 {[%emt 0:00:12]} 70. axb7 {[%emt 0:00:02]} Ra5+ {[%emt 0:00:10]} 71. Kd6 {
[%emt 0:00:48]} Rb5 {[%emt 0:00:10]} 72. Kc6 {[%emt 0:00:09]} Rb1 {[%emt 0:00:
06]} 73. Rc8 {[%emt 0:00:26]} Kf5 {[%emt 0:01:28]} 74. b8=Q {[%emt 0:00:06]}
Rxb8 {[%emt 0:00:03]} 75. Rxb8 {[%emt 0:00:10]} h4 {[%emt 0:00:35]} 76. Kd5 {
[%emt 0:00:47]} h3 {[%emt 0:01:00]} 77. Rh8 {[%emt 0:01:07]} Kg4 {[%emt 0:00:
07]} 78. Ke4 {[%emt 0:00:16]} Kg3 {[%emt 0:00:03]} 79. Ke3 {[%emt 0:00:29]} Kg2
{[%emt 0:00:45]} 80. Rg8+ {[%emt 0:01:25]} Kf1 {[%emt 0:00:24]} 81. Rf8+ {
[%emt 0:00:45]} Kg2 {[%emt 0:00:46]} 82. Rf2+ {[%emt 0:00:26]} Kg3 {[%emt 0:00:
42]} 83. Rf7 {[%emt 0:00:27]} Kg2 {[%emt 0:00:05]} 84. Rg7+ {[%emt 0:00:32]}
Kf1 {[%emt 0:00:06]} 85. Rf7+ {[%emt 0:00:29]} Kg2 {[%emt 0:00:16]} 86. Rg7+ {
[%emt 0:00:36]} Kf1 {[%emt 0:00:08]} 87. Kf3 {[%emt 0:00:17]} h2 {[%emt 0:00:
07]} 88. Rh7 {[%emt 0:00:10]} Kg1 {[%emt 0:00:04]} 89. Rxh2 {[%emt 0:00:36]}
Kxh2 {[%emt 0:00:05]} 1/2-1/2

[Event "Icelandic Team Championship 2019-21 - 1s"]
[Site "Reykjavik (round 1-5) and Self"]
[Date "2021.05.14"]
[Round "6.1"]
[White "Bjornsson, Sigurbjorn"]
[Black "Thorfinnsson, Bjorn"]
[Result "1/2-1/2"]
[WhiteElo "2327"]
[BlackElo "2384"]
[PlyCount "92"]
[EventDate "2019.10.03"]
[WhiteTeam "Skákdeild Fjölnis"]
[BlackTeam "Víkingaklúbburinn a-sveit"]

1. e4 {[%emt 0:00:00]} e5 {[%emt 0:00:00]} 2. Nf3 {[%emt 0:00:00]} Nc6 {
[%emt 0:00:00]} 3. Bb5 {[%emt 0:00:00]} a6 {[%emt 0:00:00]} 4. Ba4 {[%emt 0:00:
00]} Nf6 {[%emt 0:00:00]} 5. O-O {[%emt 0:00:00]} b5 {[%emt 0:00:00]} 6. Bb3 {
[%emt 0:00:00]} Bc5 {[%emt 0:00:00]} 7. Re1 {[%emt 0:00:00]} d6 {[%emt 0:00:00]
} 8. a4 {[%emt 0:00:00]} Bg4 {[%emt 0:00:00]} 9. c3 {[%emt 0:00:00]} O-O {
[%emt 0:00:00]} 10. h3 {[%emt 0:00:00]} Bh5 {[%emt 0:00:00]} 11. d3 {[%emt 0:
00:00]} Rb8 {[%emt 0:00:00]} 12. axb5 {[%emt 0:00:00]} axb5 {[%emt 0:00:00]}
13. Nbd2 {[%emt 0:00:00]} b4 {[%emt 0:00:00]} 14. Ba4 {[%emt 0:00:00]} Ne7 {
[%emt 0:00:00]} 15. Nf1 {[%emt 0:00:00]} h6 {[%emt 0:00:00]} 16. Ng3 {[%emt 0:
00:00]} Bg6 {[%emt 0:00:00]} 17. Nh4 {[%emt 0:00:00]} Bh7 {[%emt 0:00:00]} 18.
Qf3 {[%emt 0:00:00]} Ne8 {[%emt 0:00:00]} 19. Nhf5 {[%emt 0:00:00]} Nxf5 {
[%emt 0:00:00]} 20. Nxf5 {[%emt 0:00:00]} Qf6 {[%emt 0:00:00]} 21. Bxe8 {
[%emt 0:00:00]} Bxf5 {[%emt 0:00:00]} 22. Ba4 {[%emt 0:00:00]} Bg6 {[%emt 0:00:
00]} 23. Qxf6 {[%emt 0:00:00]} gxf6 {[%emt 0:00:00]} 24. Bxh6 {[%emt 0:00:00]}
Rfd8 {[%emt 0:00:00]} 25. Be3 {[%emt 0:00:00]} Bxe3 {[%emt 0:00:00]} 26. Rxe3 {
[%emt 0:00:00]} d5 {[%emt 0:00:00]} 27. g4 {[%emt 0:00:00]} dxe4 {[%emt 0:00:
00]} 28. dxe4 {[%emt 0:00:00]} Rd2 {[%emt 0:00:00]} 29. b3 {[%emt 0:01:44]}
bxc3 {[%emt 0:00:00]} 30. Rxc3 {[%emt 0:00:47]} Bxe4 {[%emt 0:00:00]} 31. Rxc7
{[%emt 0:00:05]} Kg7 {[%emt 0:00:00]} 32. Rac1 {[%emt 0:01:47]} f5 {[%emt 0:00:
00]} 33. gxf5 {[%emt 0:01:37]} Kf6 {[%emt 0:00:00]} 34. Rc8 {[%emt 0:01:56]}
Rxc8 {[%emt 0:00:00]} 35. Rxc8 {[%emt 0:00:01]} Rd1+ {[%emt 0:00:00]} 36. Kh2 {
[%emt 0:00:06]} Rh1+ {[%emt 0:00:00]} 37. Kg3 {[%emt 0:00:09]} Rg1+ {[%emt 0:
00:00]} 38. Kh4 {[%emt 0:00:13]} Rg2 {[%emt 0:00:00]} 39. Bc6 {[%emt 0:04:49]}
Bxc6 {[%emt 0:00:00]} 40. Rxc6+ {[%emt 0:00:04]} Kxf5 {[%emt 0:00:00]} 41. f3 {
[%emt 0:00:24]} Rd2 {[%emt 0:00:00]} 42. Kg3 {[%emt 0:03:35]} Rd3 {[%emt 0:00:
00]} 43. b4 {[%emt 0:00:40]} e4 {[%emt 0:00:00]} 44. Rc5+ {[%emt 0:00:02]} Ke6
{[%emt 0:00:00]} 45. Kf4 {[%emt 0:00:48]} exf3 {[%emt 0:00:00]} 46. Kg3 {
[%emt 0:00:13]} f2+ {[%emt 0:00:00]} 1/2-1/2

[Event "Icelandic Team Championship 2019-21 - 1s"]
[Site "Reykjavik (round 1-5) and Self"]
[Date "2021.05.14"]
[Round "6.1"]
[White "Halldorsson, Jon Arni"]
[Black "Kjartansson, David"]
[Result "1/2-1/2"]
[WhiteElo "2109"]
[BlackElo "2327"]
[PlyCount "119"]
[EventDate "2019.10.03"]
[WhiteTeam "Skákdeild Fjölnis"]
[BlackTeam "Víkingaklúbburinn a-sveit"]

1. d4 {[%emt 0:00:00]} Nf6 {[%emt 0:00:00]} 2. Nf3 {[%emt 0:00:00]} e6 {
[%emt 0:00:00]} 3. c4 {[%emt 0:00:00]} Bb4+ {[%emt 0:00:00]} 4. Bd2 {[%emt 0:
00:00]} c5 {[%emt 0:00:00]} 5. a3 {[%emt 0:00:00]} Bxd2+ {[%emt 0:00:00]} 6.
Qxd2 {[%emt 0:00:00]} cxd4 {[%emt 0:00:00]} 7. Nxd4 {[%emt 0:00:00]} O-O {
[%emt 0:00:00]} 8. Nc3 {[%emt 0:00:00]} b6 {[%emt 0:00:00]} 9. Nf3 {[%emt 0:00:
00]} Bb7 {[%emt 0:00:00]} 10. e3 {[%emt 0:00:00]} Qe7 {[%emt 0:00:00]} 11. Be2
{[%emt 0:00:00]} Na6 {[%emt 0:00:00]} 12. Rd1 {[%emt 0:00:00]} Rfd8 {[%emt 0:
00:00]} 13. Qd6 {[%emt 0:00:00]} Qxd6 {[%emt 0:00:00]} 14. Rxd6 {[%emt 0:00:00]
} Nc5 {[%emt 0:00:00]} 15. O-O {[%emt 0:00:00]} Kf8 {[%emt 0:00:00]} 16. b4 {
[%emt 0:00:00]} Nce4 {[%emt 0:00:00]} 17. Nxe4 {[%emt 0:00:00]} Nxe4 {[%emt 0:
00:00]} 18. Rd3 {[%emt 0:00:00]} Ke7 {[%emt 0:00:00]} 19. Nd2 {[%emt 0:00:00]}
Nf6 {[%emt 0:00:00]} 20. Bf3 {[%emt 0:00:00]} Bxf3 {[%emt 0:00:00]} 21. Nxf3 {
[%emt 0:00:00]} Rdc8 {[%emt 0:00:00]} 22. Nd2 {[%emt 0:00:00]} a5 {[%emt 0:00:
00]} 23. Rb1 {[%emt 0:00:00]} d5 {[%emt 0:00:00]} 24. bxa5 {[%emt 0:00:00]}
bxa5 {[%emt 0:00:00]} 25. Kf1 {[%emt 0:00:00]} Ra7 {[%emt 0:00:00]} 26. cxd5 {
[%emt 0:00:00]} Nxd5 {[%emt 0:00:00]} 27. Rdb3 {[%emt 0:00:00]} Rcc7 {[%emt 0:
00:00]} 28. e4 {[%emt 0:00:07]} a4 {[%emt 0:00:00]} 29. Rg3 {[%emt 0:02:40]}
Nf4 {[%emt 0:00:00]} 30. Rxg7 {[%emt 0:03:27]} Rc2 {[%emt 0:00:00]} 31. Nf3 {
[%emt 0:04:41]} Rac7 {[%emt 0:00:00]} 32. Ne1 {[%emt 0:01:51]} Rc1 {[%emt 0:00:
00]} 33. Rxc1 {[%emt 0:00:12]} Rc3 {[%emt 0:00:02]} 34. Rc2 Rxc2 {[%emt 0:00:
00]} 35. Rg4 {[%emt 0:00:08]} Rc1 36. Rg3 {[%emt 0:01:00]} e5 {[%emt 0:00:00]}
37. Re3 {[%emt 0:00:21]} Ne6 {[%emt 0:00:00]} 38. g3 {[%emt 0:03:39]} Nd4 {
[%emt 0:00:00]} 39. Kg2 {[%emt 0:00:09]} Kd6 {[%emt 0:00:00]} 40. f4 {[%emt 0:
00:24]} f6 {[%emt 0:00:00]} 41. fxe5+ {[%emt 0:00:39]} fxe5 {[%emt 0:00:00]}
42. Kf2 {[%emt 0:00:25]} Ra1 {[%emt 0:00:00]} 43. Nf3 {[%emt 0:01:38]} Ra2+ {
[%emt 0:00:00]} 44. Kf1 {[%emt 0:00:34]} Nb5 {[%emt 0:05:27]} 45. Rd3+ {
[%emt 0:00:13]} Ke6 {[%emt 0:00:21]} 46. Rd5 {[%emt 0:01:00]} Nxa3 {[%emt 0:00:
15]} 47. Rxe5+ {[%emt 0:00:08]} Kf7 {[%emt 0:00:25]} 48. Rf5+ {[%emt 0:00:45]}
Kg7 {[%emt 0:00:30]} 49. Rg5+ {[%emt 0:00:25]} Kf8 {[%emt 0:02:26]} 50. Rf5+ {
[%emt 0:00:09]} Ke8 {[%emt 0:00:16]} 51. Re5+ {[%emt 0:00:34]} Kd8 {[%emt 0:00:
09]} 52. Rd5+ {[%emt 0:00:16]} Kc8 {[%emt 0:00:26]} 53. e5 {[%emt 0:00:16]} Nc2
{[%emt 0:00:14]} 54. Ra5 {[%emt 0:00:30]} Ne3+ {[%emt 0:00:21]} 55. Ke1 {
[%emt 0:00:14]} Kd7 {[%emt 0:03:02]} 56. e6+ {[%emt 0:01:13]} Ke7 {[%emt 0:00:
31]} 57. Nd4 {[%emt 0:00:35]} Nc2+ {[%emt 0:02:49]} 58. Nxc2 {[%emt 0:00:10]}
Rxc2 {[%emt 0:00:02]} 59. Rxa4 {[%emt 0:00:43]} Rxh2 {[%emt 0:00:17]} 60. Rh4 {
[%emt 0:00:34]} 1/2-1/2

[Event "Icelandic Team Championship 2019-21 - 1s"]
[Site "Reykjavik (round 1-5) and Self"]
[Date "2021.05.14"]
[Round "6.1"]
[White "Sigurjonsson, Stefan Th."]
[Black "Bjornsson, Tomas"]
[Result "1/2-1/2"]
[WhiteElo "2078"]
[BlackElo "2166"]
[PlyCount "81"]
[EventDate "2019.10.03"]
[WhiteTeam "Víkingaklúbburinn a-sveit"]
[BlackTeam "Skákdeild Fjölnis"]

1. e4 {[%emt 0:00:00]} c5 {[%emt 0:00:00]} 2. d4 {[%emt 0:00:00]} cxd4 {
[%emt 0:00:00]} 3. c3 {[%emt 0:00:00]} d3 {[%emt 0:00:00]} 4. Bxd3 {[%emt 0:00:
00]} Nc6 {[%emt 0:00:00]} 5. f4 {[%emt 0:00:00]} d6 {[%emt 0:00:00]} 6. Nf3 {
[%emt 0:00:00]} g6 {[%emt 0:00:00]} 7. O-O {[%emt 0:00:00]} Bg7 {[%emt 0:00:00]
} 8. Qe1 {[%emt 0:00:00]} Nf6 {[%emt 0:00:00]} 9. Kh1 {[%emt 0:00:00]} O-O {
[%emt 0:00:00]} 10. Be3 {[%emt 0:00:00]} a6 {[%emt 0:00:00]} 11. a4 {[%emt 0:
00:00]} d5 {[%emt 0:00:00]} 12. e5 {[%emt 0:00:00]} Ne4 {[%emt 0:00:00]} 13.
Bxe4 {[%emt 0:00:00]} dxe4 {[%emt 0:00:00]} 14. Ng5 {[%emt 0:00:00]} Bf5 {
[%emt 0:00:00]} 15. Nd2 {[%emt 0:00:00]} f6 {[%emt 0:00:00]} 16. exf6 {[%emt 0:
00:00]} exf6 {[%emt 0:00:00]} 17. Ngxe4 {[%emt 0:00:00]} Re8 {[%emt 0:00:00]}
18. Ng3 {[%emt 0:00:00]} Qd3 {[%emt 0:00:00]} 19. Nxf5 {[%emt 0:00:00]} Qxf5 {
[%emt 0:00:00]} 20. Qf2 {[%emt 0:00:00]} Rad8 {[%emt 0:00:00]} 21. Bb6 {
[%emt 0:00:00]} Rd7 {[%emt 0:00:00]} 22. Nb3 {[%emt 0:00:00]} Qd5 {[%emt 0:00:
00]} 23. Nc5 {[%emt 0:00:00]} Rde7 {[%emt 0:00:00]} 24. Rad1 {[%emt 0:00:00]}
Qf7 {[%emt 0:00:00]} 25. Rfe1 {[%emt 0:00:00]} f5 {[%emt 0:00:00]} 26. h3 {
[%emt 0:00:00]} h6 {[%emt 0:00:00]} 27. Qd2 {[%emt 0:00:00]} Kh7 {[%emt 0:00:
00]} 28. b4 {[%emt 0:00:00]} Qc4 {[%emt 0:00:00]} 29. Rxe7 {[%emt 0:00:00]}
Rxe7 {[%emt 0:00:00]} 30. Rc1 {[%emt 0:00:00]} Re2 {[%emt 0:01:08]} 31. Qd6 {
[%emt 0:00:00]} Nxb4 {[%emt 0:03:08]} 32. Nd7 {[%emt 0:00:00]} Nd3 {[%emt 0:02:
29]} 33. Rd1 {[%emt 0:00:00]} Qe4 {[%emt 0:04:36]} 34. Rg1 {[%emt 0:00:00]} Nb2
{[%emt 0:02:43]} 35. Nf6+ {[%emt 0:00:00]} Bxf6 {[%emt 0:00:07]} 36. Qxf6 {
[%emt 0:00:00]} Qe7 {[%emt 0:01:43]} 37. Qxe7+ {[%emt 0:04:30]} Rxe7 {[%emt 0:
00:08]} 38. a5 {[%emt 0:00:17]} Nc4 {[%emt 0:01:19]} 39. Rb1 {[%emt 0:02:21]}
Nxb6 {[%emt 0:01:32]} 40. Rxb6 {[%emt 0:00:10]} Rc7 {[%emt 0:00:37]} 41. Kg1 {
[%emt 0:01:16]} 1/2-1/2

[Event "Icelandic Team Championship 2019-21 - 1s"]
[Site "Reykjavik (round 1-5) and Self"]
[Date "2021.05.14"]
[Round "6.1"]
[White "Fridgeirsson, Dagur Andri"]
[Black "Knutsson, Larus"]
[Result "1-0"]
[WhiteElo "1948"]
[BlackElo "2057"]
[PlyCount "141"]
[EventDate "2019.10.03"]
[WhiteTeam "Skákdeild Fjölnis"]
[BlackTeam "Víkingaklúbburinn a-sveit"]

1. d4 {[%emt 0:00:00]} Nf6 {[%emt 0:00:00]} 2. c4 {[%emt 0:00:00]} g6 {[%emt 0:
00:00]} 3. Nc3 {[%emt 0:00:00]} Bg7 {[%emt 0:00:00]} 4. e4 {[%emt 0:00:00]} d6
{[%emt 0:00:00]} 5. Bg5 {[%emt 0:00:00]} Na6 {[%emt 0:00:00]} 6. Be2 {[%emt 0:
00:00]} c5 {[%emt 0:00:00]} 7. d5 {[%emt 0:00:00]} Nc7 {[%emt 0:00:00]} 8. Qc2
{[%emt 0:00:00]} a6 {[%emt 0:00:00]} 9. a4 {[%emt 0:00:00]} Rb8 {[%emt 0:00:00]
} 10. f4 {[%emt 0:00:00]} h6 {[%emt 0:00:00]} 11. Bh4 {[%emt 0:00:00]} O-O {
[%emt 0:00:00]} 12. Nf3 {[%emt 0:00:00]} Qe8 {[%emt 0:00:00]} 13. O-O {[%emt 0:
00:00]} Bd7 {[%emt 0:00:00]} 14. Nd2 {[%emt 0:00:00]} Ng4 {[%emt 0:00:00]} 15.
Bxg4 {[%emt 0:00:00]} Bxg4 {[%emt 0:00:00]} 16. f5 {[%emt 0:00:00]} g5 {
[%emt 0:00:00]} 17. Bf2 {[%emt 0:00:00]} Bh5 {[%emt 0:00:00]} 18. h3 {[%emt 0:
00:00]} f6 {[%emt 0:00:00]} 19. Be3 {[%emt 0:00:00]} a5 {[%emt 0:00:00]} 20.
Nb5 {[%emt 0:00:00]} Nxb5 {[%emt 0:00:00]} 21. axb5 {[%emt 0:00:00]} b6 {
[%emt 0:00:00]} 22. g4 {[%emt 0:00:00]} Bf7 {[%emt 0:00:00]} 23. Nf3 {[%emt 0:
00:00]} Kh7 {[%emt 0:00:00]} 24. Qd2 {[%emt 0:00:00]} Rh8 {[%emt 0:00:00]} 25.
h4 {[%emt 0:00:00]} Kg8 {[%emt 0:00:00]} 26. Kg2 {[%emt 0:00:00]} Kf8 {[%emt 0:
00:00]} 27. Rh1 {[%emt 0:00:00]} Qd8 {[%emt 0:00:00]} 28. Rh3 {[%emt 0:00:00]}
Ke8 {[%emt 0:00:00]} 29. Rah1 {[%emt 0:00:00]} Kd7 {[%emt 0:00:00]} 30. Qd3 {
[%emt 0:00:00]} Qg8 {[%emt 0:00:00]} 31. e5 {[%emt 0:00:00]} dxe5 {[%emt 0:00:
00]} 32. Qe4 {[%emt 0:00:00]} Qc8 {[%emt 0:00:00]} 33. hxg5 {[%emt 0:00:00]}
hxg5 {[%emt 0:00:00]} 34. Rxh8 {[%emt 0:00:00]} Bxh8 {[%emt 0:00:00]} 35. Rh7 {
[%emt 0:00:00]} Kd6 {[%emt 0:00:00]} 36. Rxf7 {[%emt 0:01:02]} Qg8 {[%emt 0:00:
00]} 37. Rxe7 {[%emt 0:00:25]} Kxe7 {[%emt 0:00:00]} 38. d6+ {[%emt 0:00:10]}
Kf7 {[%emt 0:00:00]} 39. Qc6 {[%emt 0:01:08]} Qd8 {[%emt 0:00:00]} 40. d7 {
[%emt 0:02:13]} Bg7 {[%emt 0:00:00]} 41. Qe6+ {[%emt 0:01:21]} Kf8 {[%emt 0:00:
00]} 42. Qd6+ {[%emt 0:04:04]} Kg8 {[%emt 0:00:00]} 43. Nxg5 {[%emt 0:02:00]}
fxg5 {[%emt 0:00:00]} 44. Bxg5 {[%emt 0:00:16]} Qxg5 {[%emt 0:00:00]} 45. Qxb8+
{[%emt 0:00:16]} Kh7 {[%emt 0:00:00]} 46. d8=Q {[%emt 0:00:11]} Qxg4+ {[%emt 0:
00:00]} 47. Kf1 {[%emt 0:01:17]} Qxc4+ {[%emt 0:00:00]} 48. Ke1 {[%emt 0:00:35]
} Qe4+ {[%emt 0:00:00]} 49. Kd2 {[%emt 0:00:29]} Qb4+ {[%emt 0:00:00]} 50. Kc1
{[%emt 0:02:11]} Qc4+ {[%emt 0:00:00]} 51. Kd1 {[%emt 0:04:41]} Qf1+ {[%emt 0:
00:00]} 52. Kd2 {[%emt 0:00:27]} Qf4+ {[%emt 0:00:32]} 53. Kc3 {[%emt 0:01:36]}
Qb4+ {[%emt 0:00:52]} 54. Kc2 {[%emt 0:02:22]} Qc4+ {[%emt 0:00:14]} 55. Kd1 {
[%emt 0:00:41]} Qf1+ {[%emt 0:00:10]} 56. Kd2 {[%emt 0:00:07]} Qf4+ {[%emt 0:
00:05]} 57. Kd3 {[%emt 0:00:08]} Qxf5+ {[%emt 0:02:57]} 58. Kc4 {[%emt 0:00:32]
} Qe4+ {[%emt 0:00:21]} 59. Kc3 {[%emt 0:00:57]} Qb4+ {[%emt 0:03:54]} 60. Kc2
{[%emt 0:00:38]} Qc4+ {[%emt 0:00:27]} 61. Kd1 {[%emt 0:00:51]} Qf1+ {[%emt 0:
00:14]} 62. Kd2 {[%emt 0:00:13]} Qf4+ {[%emt 0:00:45]} 63. Kd3 {[%emt 0:01:02]}
Qf3+ {[%emt 0:00:28]} 64. Kc2 {[%emt 0:00:30]} Qe2+ {[%emt 0:01:07]} 65. Qd2 {
[%emt 0:00:14]} Qc4+ {[%emt 0:00:27]} 66. Kb1 {[%emt 0:00:20]} Qf1+ {[%emt 0:
03:47]} 67. Qc1 {[%emt 0:00:17]} Qf3 {[%emt 0:01:00]} 68. Qxb6 {[%emt 0:00:59]}
e4 {[%emt 0:00:16]} 69. Qbxc5 {[%emt 0:00:25]} Bh6 {[%emt 0:00:33]} 70. Q1c2 {
[%emt 0:00:33]} Qf1+ {[%emt 0:01:22]} 71. Ka2 {[%emt 0:00:17] 1-0 (71) Dagur
Andri Friðgeirsson,F-Lárus Knútsson,V Faxafen 12 2021} 1-0